000 00974nam a22002297a 4500
003 OSt
005 20250411091919.0
008 240913b ||||| |||| 00| 0 eng d
040 _c0
082 _aDPer 621.317 Ie21 December 2022 v.37 n. 12 part 1&2.
100 _aWu, Zhixi.
_eauthor.
_960990
245 _aOpen-circuit fault diagnosis method for grid-connected bidirectional t-type converter based on geometric similarity measurement /
_cZhixi Wu and Jin Zhao.
260 _aNew York ;
_bThe Institute of Electrical and Electronics Engineers, Inc.,
_cDecember 2022.
300 _a0volume 37, pages 15571-15582,
_billustration.
500 _aIEEE Transactions on Power Electronics, v. 37 n. 12, pages 15571-15582, December 2022.
650 0 _aContour similarity.
_966317
650 0 _aopen-circuit diagnosis.
_966318
650 0 _avector triangle area.
_966319
700 _aWu, Zhixi.
_eauthor.
_960990
700 _a Zhao, Jin.
_eauthor.
_960910
942 _2ddc
_cPER
999 _c21615
_d21615